Names of countries that hosted the FIFA World Cups (1930 - 2034) - Statistics

General Stats
  • This quiz has been taken 39 times
  • The average score is 23 of 25
Answer Stats
Year Answer % Correct
2026 USA Canada Mexico
100%
1994 USA
100%
1978 Argentina
97%
1998 France
97%
2030 Spain Morocco Portugal
97%
1938 France
97%
2022 Qatar
97%
2018 Russia
97%
1982 Spain
97%
2014 Brazil
94%
1950 Brazil
94%
1990 Italy
94%
2006 Germany
94%
1934 Italy
94%
1958 Sweden
94%
1930 Uruguay
94%
1974 (West) Germany
94%
1966 England
91%
2002 Japan South Korea
91%
2010 South Africa
91%
1970 Mexico
88%
1986 Mexico
88%
2034 Saudi Arabia
82%
1954 Switzerland
79%
1962 Chile
76%
No matching quizzes found
Score Distribution
Percent of People with Each Score
Percentile by Number Answered
Your Score History
You have not taken this quiz